TV Show by Theme Lyric II Quiz Stats

 Plays Quiz Updated Oct 3, 2015

Challenge
Share
Tweet
Embed
Score 0/24 Timer 06:00
4 Plays Today
% Correct
The Flintstones
97.8%
Teenage Mutant Ninja Turtles
97%
The Big Bang Theory
92.8%
Transformers
89.3%
Cops
88.5%
Gilligan's Island
87.3%
SpongeBob SquarePants
86.3%
The Jetsons
84.2%
The Love Boat
84.2%
The Beverly Hillbillies
81.4%
Mr. Ed
79%
Hey Arnold!
75.4%
% Correct
Adventure Time
72.5%
The Nanny
71.8%
Pretty Little Liars
70.6%
Underdog
64.1%
Laverne & Shirley
60.4%
South Park
55.8%
Girl Meets World
54%
How I Met Your Mother
42.8%
Monk
32.4%
Rocko's Modern Life
30%
CatDog
29.8%
All That
26.1%

You're not logged in!

Compare scores with friends on all Sporcle quizzes.
Join for Free
OR
Log In

You Might Also Like...

Show Comments

Extras

Top Quizzes Today


Score Distribution

Your Account Isn't Verified!

In order to create a playlist on Sporcle, you need to verify the email address you used during registration. Go to your Sporcle Settings to finish the process.

Report this User

Report this user for behavior that violates our Community Guidelines.

Details: